00826nam 2200253 i 4500001000800000005001700008008004100025035002100066906004500087010001700132020002500149040001800174050001900192082001700211100002200228245004600250260005600296300005800352504003000410600002800440600002200468991005800490099002400548268913319760312000000.0760302s1975 cauaf b 000 0beng  9(DLC) 75017037 a7bcbccorignewd2eocipf19gy-gencatlg a 75017037  a0915828014 :c$17.95 aDLCcDLCdDLC00aBL1175.M4bD7800a294.5/6/3aB1 aDuce, Ivy Oneita.10aHow a master works /cby Ivy Oneita Duce. aWalnut Creek, CA :bSufism Reoriented, inc.,c1975. axxiii, 768 p., [8] leaves of plates :bill. ;c25 cm. aBibliography: p. 767-768.00aMeher Baba,d1894-1969.10aDuce, Ivy Oneita. bc-GenCollhBL1175.M4iD78p00011013600tCopy 1wBOOKS aduce-how-1071457105